| 000 | 02279nam a2200337 i 4500 | ||
|---|---|---|---|
| 001 | 11833949 | ||
| 003 | EG-ScBUE | ||
| 005 | 20260106094855.0 | ||
| 008 | 121107s2013 enka f b 001 0 eng d | ||
| 020 | _z9781118344811 (pbk. : alk. paper) | ||
| 040 |
_aCaPaEBR _beng _erda _cCaPaEBR _dEG-ScBUE |
||
| 082 | 0 | 4 |
_a615.1 _bCLI _222 |
| 245 | 0 | 0 |
_aClinical pharmacology and therapeutics : _blecture notes / _cedited by Gerard A. McKay, Matthew R. Walters. |
| 250 | _aNinth edition. | ||
| 264 | 1 |
_aOxford ; _aWest Sussex ; _bHoboken : John Wiley & Sons, _c2013. |
|
| 300 |
_a318 pages : _billustrations ; _c24 cm. |
||
| 336 |
_2rdacontent _atext _btxt |
||
| 337 |
_2rdamedia _aunmediated _bn |
||
| 338 |
_2rdacarrier _avolume _bnc |
||
| 490 | 0 | _aThe lecture notes series | |
| 504 | _aIncludes bibliographical references and index. | ||
| 505 | 0 | _aPharmacodynamics and pharmacokinetics -- Clinical trials and drug development -- Drugs and gastrointestinal disease -- Management of coronary artery disease and its complications -- Primary and secondary prevention of cardiovascular disease -- Drugs used to treat respiratory disease -- Drugs used to treat neurological disease -- Treatment of psychiatric disorders -- Antimicrobial therapy -- HIV and antiretroviral treatment -- Travel medicine and tropical disease -- Drugs and endocrine disease -- Drugs and the reproductive system -- Drugs and the urological system -- Cancer therapeutics -- Drugs and inflammatory joint disease -- Immunopharmacology -- Drugs and the blood including anticoagulants and thrombolytic drugs -- Drugs used for pain relief and anaesthesia -- Clinical pharmacokinetics : dosage individualisation -- Influence of renal and hepatic disease on pharmacokinetics and pharmacodynamics -- Prescribing for the young and the elderly -- Drugs in pregnant and breast-feeding women -- Pharmacoeconomics: the economic evaluation of new drugs -- Poisoning and drug overdose -- Drugs you may need in a hurry -- Prescribing and its pitfalls. | |
| 650 | 7 |
_aPharmacology. _2BUEsh _912590 |
|
| 650 | 7 |
_aTherapeutics. _2BUEsh |
|
| 651 | _2BUEsh | ||
| 653 |
_bPPhrm _cOctober2015 |
||
| 655 | _vReading book | ||
| 700 | 1 |
_aMcKay, Gerard A., _eeditor. |
|
| 700 | 1 |
_aWalters, Matthew R., _eeditor. |
|
| 942 |
_2ddc _cBB |
||
| 999 |
_c20877 _d20849 |
||